The Iliad of Homer / (Record no. 10032)
[ view plain ]
| 000 -LEADER | |
|---|---|
| fixed length control field | 01519cam a2200409 a 4500 |
| 001 - CONTROL NUMBER | |
| control field | 8015936 |
| 003 - CONTROL NUMBER IDENTIFIER | |
| control field | OCoLC |
| 005 - DATE AND TIME OF LATEST TRANSACTION | |
| control field | 20210208160333.0 |
| 008 - FIXED-LENGTH DATA ELEMENTS--GENERAL INFORMATION | |
| fixed length control field | 811222t19421942oncab 000 0 eng c |
| 035 ## - SYSTEM CONTROL NUMBER | |
| System control number | (OCoLC)8015936 |
| 040 ## - CATALOGING SOURCE | |
| Original cataloging agency | IAY |
| Language of cataloging | eng |
| Transcribing agency | IAY |
| Modifying agency | OCL |
| -- | OCLCG |
| -- | LRU |
| -- | OCLCF |
| -- | OCLCQ |
| -- | OCLCO |
| -- | OCLCA |
| -- | OCL |
| -- | OCLCO |
| -- | UtOrBLW |
| 041 1# - LANGUAGE CODE | |
| Language code of text/sound track or separate title | eng |
| Language code of original | grc |
| 042 ## - AUTHENTICATION CODE | |
| Authentication code | pcc |
| 050 #4 - LIBRARY OF CONGRESS CALL NUMBER | |
| Classification number | PA4025.A2 |
| Item number | H766I |
| 090 ## - LOCALLY ASSIGNED LC-TYPE CALL NUMBER (OCLC); LOCAL CALL NUMBER (RLIN) | |
| Classification number (OCLC) (R) ; Classification number, CALL (RLIN) (NR) | PA4025.A2 |
| Local cutter number (OCLC) ; Book number/undivided call number, CALL (RLIN) | H766I |
| 100 0# - MAIN ENTRY--PERSONAL NAME | |
| Personal name | Homer |
| 240 10 - UNIFORM TITLE | |
| Uniform title | Iliad. |
| Language of a work | English |
| 245 14 - TITLE STATEMENT | |
| Title | The Iliad of Homer / |
| Statement of responsibility, etc. | translated by Samuel Butler ; edited by Louise Ropes Loomis |
| 250 ## - EDITION STATEMENT | |
| Edition statement | Classics Club college edition |
| 264 #1 - PRODUCTION, PUBLICATION, DISTRIBUTION, MANUFACTURE, AND COPYRIGHT NOTICE | |
| Place of production, publication, distribution, manufacture | Toronto ; |
| -- | New York : |
| Name of producer, publisher, distributor, manufacturer | D. Van Nostrand Co., |
| Date of production, publication, distribution, manufacture, or copyright notice | [1942] |
| 264 #4 - PRODUCTION, PUBLICATION, DISTRIBUTION, MANUFACTURE, AND COPYRIGHT NOTICE | |
| Date of production, publication, distribution, manufacture, or copyright notice | ©1942 |
| 300 ## - PHYSICAL DESCRIPTION | |
| Extent | xxxiv, 391 pages : |
| Other physical details | illustrations, map ; |
| Dimensions | 19 cm |
| 336 ## - CONTENT TYPE | |
| Content type term | text |
| Content type code | txt |
| Source | rdacontent |
| 337 ## - MEDIA TYPE | |
| Media type term | unmediated |
| Media type code | n |
| Source | rdamedia |
| 338 ## - CARRIER TYPE | |
| Carrier type term | volume |
| Carrier type code | nc |
| Source | rdacarrier |
| 500 ## - GENERAL NOTE | |
| General note | Prose translation |
| 500 ## - GENERAL NOTE | |
| General note | "Published by arrangement with Walter J. Black." |
| 500 ## - GENERAL NOTE | |
| General note | Originally published: New York : Published for the Classics Club by W.J. Black, ©1942, in series: Classics Club library |
| 600 00 - SUBJECT ADDED ENTRY--PERSONAL NAME | |
| Personal name | Achilles |
| Titles and other words associated with a name | (Mythological character) |
| Form subdivision | Poetry |
| 650 #0 - SUBJECT ADDED ENTRY--TOPICAL TERM | |
| Topical term or geographic name entry element | Trojan War |
| Form subdivision | Poetry |
| 650 #0 - SUBJECT ADDED ENTRY--TOPICAL TERM | |
| Topical term or geographic name entry element | Epic poetry, Greek |
| Form subdivision | Translations into English |
| 655 #7 - INDEX TERM--GENRE/FORM | |
| Genre/form data or focus term | Poetry. |
| Source of term | fast |
| Authority record control number or standard number | (OCoLC)fst01423828 |
| 655 #7 - INDEX TERM--GENRE/FORM | |
| Genre/form data or focus term | Translations. |
| Source of term | fast |
| Authority record control number or standard number | (OCoLC)fst01423791 |
| 700 1# - ADDED ENTRY--PERSONAL NAME | |
| Personal name | Butler, Samuel, |
| Dates associated with a name | 1835-1902, |
| Relator term | translator |
| 700 1# - ADDED ENTRY--PERSONAL NAME | |
| Personal name | Loomis, Louise Ropes, |
| Dates associated with a name | 1874-1958, |
| Relator term | editor |
| 942 ## - ADDED ENTRY ELEMENTS (KOHA) | |
| Source of classification or shelving scheme | Dewey Decimal Classification |
| Koha item type | Books |
| Withdrawn status | Lost status | Source of classification or shelving scheme | Damaged status | Not for loan | Collection code | Home library | Current library | Shelving location | Date acquired | Total Checkouts | Full call number | Barcode | Date last seen | Price effective from | Koha item type |
|---|---|---|---|---|---|---|---|---|---|---|---|---|---|---|---|
| Dewey Decimal Classification | Fiction | Harvest Mission College | Harvest Mission College | General Stacks | 17.02.2021 | 883 H766I | 011532 | 17.02.2021 | 17.02.2021 | Books |
